000 00840nam a2200265Ia 4500
003 OSt
005 20221005092629.0
006 a|||||r|||| 00| 0
007 ta
008 221004b |||||||| |||| 00| 0 eng d
020 _a9781759123571 (hbk)
_c5337.85
024 _a14495
037 _b41474, 31/07/2014, Segment Book Distributors
_cTextual
040 _aCRL
_cCRL
_beng
041 _2eng
_aeng
082 _aV:71, Q3
100 _aMartin Andrew M.
_9617605
245 0 _aArchaeology beyond postmodernity
_b A science of the social
260 _aNew York
_bRowman & Littlefield Pub U.S.A
_c2013
300 _a246p.
_ccm.
490 _aArchaeology in society series
650 _aHISTORY
942 _hV:71, Q3
_cTEXL
_2cc
999 _c999125
_d999125